[Event "POL-chT3 Kujawsko-Pomorskie 2223"]
[Site "Poland"]
[Date "2022.??.??"]
[Round "1.24"]
[White "Konefal, Leszek"]
[Black "Kaczynski, Maciej"]
[Result "1/2-1/2"]
[WhiteElo "1402"]
[BlackElo "1414"]
[PlyCount "64"]
[EventDate "2022.11.13"]
[EventType "team-swiss"]
[EventRounds "7"]
[EventCountry "POL"]
[SourceTitle "EXT 2024"]
[Source "ChessBase"]
[SourceDate "2023.10.10"]
[SourceVersion "1"]
[SourceVersionDate "2023.10.10"]
[SourceQuality "1"]

1. e4 b6 2. Nc3 e6 3. d3 Bb4 4. Bd2 Bb7 5. a3 Be7 6. Qg4 Bf8 7. f4 Nh6 8. Qg3 f5 9. 0-0-0 Nc6 10. Nf3 Qe7 11. Qe1 0-0-0 12. exf5 Nxf5 13. g4 Nfd4 14. Bg2 Nxf3 15. Bxf3 g6 16. Qg3 Qf7 17. h4 Be7 18. Rde1 Rhg8 19. Rhf1 a6 20. Kb1 Rdf8 21. Ne2 Bd6 22. Qh3 Kb8 23. Qh1 Nd8 24. Bxb7 Nxb7 25. Nc3 c6 26. Qg1 Bc7 27. Na4 b5 28. Nc5 Nxc5 29. Qxc5 Kb7 30. Be3 Ra8 31. f5 gxf5 32. gxf5 exf5 1/2-1/2

[Event "Wloclawek CC Classic 23rd"]
[Site "Wloclawek"]
[Date "2019.??.??"]
[Round "1"]
[White "Cichocki, Konrad"]
[Black "Konefal, Leszek"]
[Result "1-0"]
[WhiteElo "1809"]
[BlackElo "1359"]
[PlyCount "57"]
[EventDate "2019.06.??"]
[EventType "swiss"]
[EventRounds "7"]
[EventCountry "POL"]
[SourceTitle "EXT 2021"]
[Source "ChessBase"]
[SourceDate "2020.10.23"]
[SourceVersion "1"]
[SourceVersionDate "2020.10.23"]
[SourceQuality "1"]

1. c4 c5 2. Nf3 g6 3. d4 cxd4 4. Nxd4 Bg7 5. Nc3 Nc6 6. Be3 Nf6 7. Nxc6 bxc6 8. Bd4 0-0 9. g3 Re8 10. e4 d6 11. Bg2 e5 12. Be3 Ng4 13. Qd2 Nxe3 14. Qxe3 Qb6 15. Qd2 Rb8 16. b3 Qd4 17. Rd1 Qxd2+ 18. Rxd2 d5 19. cxd5 Ba6 20. Bf1 Bxf1 21. Kxf1 cxd5 22. Nxd5 Rbc8 23. Ke2 f5 24. f3 f4 25. Rhd1 fxg3 26. hxg3 Bh6 27. Nf6+ Kf7 28. Nxe8 Bxd2 29. Nd6+ 1-0

[Event "Wloclawek-ch"]
[Site "Wloclawek"]
[Date "2018.??.??"]
[Round "9"]
[White "Czekalski, Pawel"]
[Black "Konefal, Leszek"]
[Result "0-1"]
[WhiteElo "1148"]
[BlackElo "1359"]
[PlyCount "96"]
[EventDate "2018.09.??"]
[EventType "swiss"]
[EventRounds "9"]
[EventCountry "POL"]
[SourceTitle "EXT 2021"]
[Source "ChessBase"]
[SourceDate "2020.10.23"]
[SourceVersion "1"]
[SourceVersionDate "2020.10.23"]
[SourceQuality "1"]

1. Nf3 c5 2. e3 g6 3. d4 cxd4 4. Nxd4 Bg7 5. Nd2 Nc6 6. Nxc6 bxc6 7. Bd3 Nf6 8. 0-0 0-0 9. f4 a5 10. c3 d5 11. b3 Ng4 12. Qf3 Bxc3 13. Rb1 Bg7 14. h3 Nf6 15. g4 Ba6 16. Bxa6 Rxa6 17. Kg2 e6 18. Bb2 Nd7 19. Bxg7 Kxg7 20. g5 Nc5 21. Rh1 Qd6 22. h4 e5 23. h5 exf4 24. Rbd1 fxe3 25. Nc4 Qe6 26. Nxe3 Qe4 27. h6+ Kg8 28. Ng4 Qxf3+ 29. Kxf3 Ne4 30. Rd3 Nxg5+ 31. Kf4 Ne6+ 32. Kg3 f5 33. Ne5 Nc5 34. Rf3 Re8 35. Nxg6 hxg6 36. h7+ Kh8 37. Rh6 Ne4+ 38. Kh4 c5 39. Rf1 Re7 40. Rd1 d4 41. Rc1 Rxh7 42. Rxh7+ Kxh7 43. Kh3 g5 44. Kg2 Kg6 45. Rf1 Ra8 46. Kf3 a4 47. Ke2 axb3 48. axb3 Ng3+ 0-1

[Event "Wloclawek CC Classic 21st"]
[Site "Wloclawek"]
[Date "2018.??.??"]
[Round "2"]
[White "Karczynski, Lech"]
[Black "Konefal, Leszek"]
[Result "1-0"]
[WhiteElo "1783"]
[BlackElo "1384"]
[PlyCount "31"]
[EventDate "2018.06.??"]
[EventType "swiss"]
[EventRounds "7"]
[EventCountry "POL"]
[SourceTitle "EXT 2021"]
[Source "ChessBase"]
[SourceDate "2020.10.23"]
[SourceVersion "1"]
[SourceVersionDate "2020.10.23"]
[SourceQuality "1"]

1. c4 g6 2. Nc3 Bg7 3. d4 e6 4. e4 c6 5. Nf3 Ne7 6. Bg5 0-0 7. Qd2 Re8 8. 0-0-0 Qa5 9. e5 Na6 10. Kb1 Nc7 11. Qf4 b5 12. Ne4 bxc4 13. Nd6 Ned5 14. Qxf7+ Kh8 15. Nxe8 c3 16. Qxg7# 1-0

[Event "Wloclawek CC Classic 20th"]
[Site "Wloclawek"]
[Date "2018.??.??"]
[Round "6"]
[White "Konefal, Leszek"]
[Black "Muzalewski, Slawomir"]
[Result "1-0"]
[WhiteElo "1414"]
[BlackElo "1457"]
[PlyCount "131"]
[EventDate "2018.04.??"]
[EventType "swiss"]
[EventRounds "7"]
[EventCountry "POL"]
[SourceTitle "EXT 2021"]
[Source "ChessBase"]
[SourceDate "2020.10.23"]
[SourceVersion "1"]
[SourceVersionDate "2020.10.23"]
[SourceQuality "1"]

1. Nf3 d5 2. d4 Nf6 3. g3 Bf5 4. Bg2 e6 5. Bg5 h6 6. Bxf6 Qxf6 7. c4 c5 8. cxd5 exd5 9. 0-0 Nc6 10. dxc5 Qxb2 11. Nbd2 Rd8 12. Qb3 Qxb3 13. Nxb3 Be7 14. Nfd4 Be4 15. Bxe4 Nxd4 16. Bd3 Nc6 17. a3 0-0 18. e3 Ne5 19. Be2 Rc8 20. Rfc1 Rc7 21. f4 Nd7 22. Bf3 Nf6 23. Rc2 Ne4 24. Bxe4 dxe4 25. Rac1 Rfc8 26. a4 f5 27. Kg2 Kf7 28. Kf2 g5 29. c6 gxf4 30. gxf4 b6 31. Nd4 Bh4+ 32. Ke2 Kf6 33. Nb5 Rg7 34. Kf1 Rcg8 35. Ke2 Rg2+ 36. Kd1 Rg1+ 37. Kd2 Rd8+ 38. Nd4 Rg2+ 39. Kc3 Rxc2+ 40. Rxc2 Be1+ 41. Kc4 a6 42. c7 Rc8 43. Kd5 Bb4 44. Kc6 Ke7 45. Nxf5+ Ke6 46. Nd4+ Ke7 47. Rg2 Kf6 48. Kb7 Rxc7+ 49. Kxc7 Bc5 50. Kc6 a5 51. Kd5 h5 52. h4 Be7 53. Kxe4 b5 54. axb5 a4 55. b6 a3 56. b7 Bd6 57. Nb5 Bb8 58. Nxa3 Ke6 59. Rg5 Kf6 60. Rxh5 Kg7 61. Rd5 Kh6 62. Rf5 Kg6 63. Rf8 Bd6 64. Re8 Kf7 65. b8Q Be7 66. Rxe7+ 1-0

[Event "Wloclawek-ch"]
[Site "Wloclawek"]
[Date "2018.??.??"]
[Round "7"]
[White "Konefal, Leszek"]
[Black "Sliwa, Krzysztof"]
[Result "1-0"]
[WhiteElo "1359"]
[BlackElo "1034"]
[PlyCount "97"]
[EventDate "2018.09.??"]
[EventType "swiss"]
[EventRounds "9"]
[EventCountry "POL"]
[SourceTitle "EXT 2021"]
[Source "ChessBase"]
[SourceDate "2020.10.23"]
[SourceVersion "1"]
[SourceVersionDate "2020.10.23"]
[SourceQuality "1"]

1. Nf3 Nf6 2. g3 g6 3. c4 c5 4. Bg2 Bg7 5. 0-0 0-0 6. Nc3 Nc6 7. a3 d6 8. Rb1 Bf5 9. d3 e5 10. Bg5 Qd7 11. Re1 Rfe8 12. Bxf6 Bxf6 13. Nd5 Bg7 14. b4 cxb4 15. axb4 e4 16. dxe4 Bxe4 17. b5 Bxb1 18. bxc6 bxc6 19. Nb4 Bf5 20. Nh4 Rac8 21. Nxf5 gxf5 22. Qa4 Bc3 23. Rb1 Bxb4 24. Rxb4 Rxe2 25. Bh3 Re1+ 26. Kg2 Qe6 27. Rb3 Qe4+ 28. Rf3 Rg1+ 29. Kxg1 Qxf3 30. Qc2 Re8 31. Qd2 Re2 32. Qg5+ Kf8 33. Qd8+ Kg7 34. Qg5+ Kh8 35. Qf6+ Kg8 36. Qg5+ Kf8 37. Qd8+ Re8 38. Qxd6+ Kg8 39. Qf6 Re1+ 40. Bf1 a5 41. Qd8+ Kg7 42. Qg5+ Kf8 43. Qd8+ Re8 44. Qxa5 Qe4 45. h3 Kg7 46. Qd2 Kg6 47. Qd6+ f6 48. g4 fxg4 49. Bd3 1-0

[Event "Wloclawek-ch"]
[Site "Wloclawek"]
[Date "2018.??.??"]
[Round "5"]
[White "Konefal, Leszek"]
[Black "Stepniak, Stanislaw"]
[Result "0-1"]
[WhiteElo "1359"]
[BlackElo "1517"]
[PlyCount "83"]
[EventDate "2018.09.??"]
[EventType "swiss"]
[EventRounds "9"]
[EventCountry "POL"]
[SourceTitle "EXT 2021"]
[Source "ChessBase"]
[SourceDate "2020.10.23"]
[SourceVersion "1"]
[SourceVersionDate "2020.10.23"]
[SourceQuality "1"]

1. Nf3 Nf6 2. g3 d5 3. c4 d4 4. d3 c5 5. Bg2 Nc6 6. Na3 Bg4 7. 0-0 e5 8. Bg5 Be7 9. Qb3 Rb8 10. Rfe1 0-0 11. e3 Qd7 12. exd4 exd4 13. Nd2 Rfe8 14. Bxf6 Bxf6 15. Ne4 Be7 16. Qb5 a6 17. Qb6 Qd8 18. Qb3 f5 19. Nd2 Qd7 20. Nf3 Bd6 21. Qc2 Nb4 22. Qd2 Rxe1+ 23. Rxe1 Nxa2 24. Ng5 Nb4 25. Nc2 h6 26. Nxb4 hxg5 27. Nd5 Re8 28. Rxe8+ Qxe8 29. Qxg5 Qe1+ 30. Bf1 Be2 31. Qd8+ Bf8 32. Ne7+ Kf7 33. Qd5+ Ke8 34. Qg2 Bxe7 35. h4 Qxf1+ 36. Qxf1 Bxf1 37. Kxf1 f4 38. gxf4 Bxh4 39. b3 b5 40. Kg2 bxc4 41. dxc4 Kd7 42. Kf3 0-1

[Event "Wloclawek CC Classic 20th"]
[Site "Wloclawek"]
[Date "2018.??.??"]
[Round "4"]
[White "Konefal, Leszek"]
[Black "Uhryn, Mateusz"]
[Result "1/2-1/2"]
[WhiteElo "1414"]
[BlackElo "1124"]
[PlyCount "103"]
[EventDate "2018.04.??"]
[EventType "swiss"]
[EventRounds "7"]
[EventCountry "POL"]
[SourceTitle "EXT 2021"]
[Source "ChessBase"]
[SourceDate "2020.10.23"]
[SourceVersion "1"]
[SourceVersionDate "2020.10.23"]
[SourceQuality "1"]

1. Nf3 g6 2. g3 Bg7 3. Bg2 Nf6 4. c4 c5 5. 0-0 0-0 6. Nc3 Nc6 7. a3 d6 8. Rb1 Qb6 9. d3 Bd7 10. Be3 Ng4 11. Nd5 Qd8 12. b4 Nxe3 13. fxe3 e6 14. Nf4 cxb4 15. axb4 Qb6 16. Qb3 Qxe3+ 17. Kh1 Rab8 18. b5 Nd4 19. Nxd4 Qxd4 20. e4 Qc3 21. Ne2 Qxb3 22. Rxb3 e5 23. Nc3 Be6 24. Na4 b6 25. Nc3 Rfe8 26. Ra1 Re7 27. Na2 Rbb7 28. Nb4 Rec7 29. Rba3 Bf8 30. Ra6 Rd7 31. Nc6 Rbc7 32. Rxa7 Rxa7 33. Nxa7 f5 34. Nc6 fxe4 35. Bxe4 d5 36. Nxe5 dxe4 37. Nxd7 Bxd7 38. dxe4 Bc5 39. Kg2 Bg4 40. Ra2 Bd1 41. Rb2 Bg4 42. h3 Be6 43. Rc2 Kf7 44. g4 Kf6 45. Kf3 g5 46. Ke2 Ke5 47. Kd3 Bf7 48. Rc1 Bg6 49. Re1 Bf2 50. Re2 Bc5 51. Re1 Bf2 52. Re2 1/2-1/2

[Event "Wloclawek CC Classic 21st"]
[Site "Wloclawek"]
[Date "2018.??.??"]
[Round "6"]
[White "Olechnicki, Krzysztof"]
[Black "Konefal, Leszek"]
[Result "1-0"]
[WhiteElo "1429"]
[BlackElo "1384"]
[PlyCount "107"]
[EventDate "2018.06.??"]
[EventType "swiss"]
[EventRounds "7"]
[EventCountry "POL"]
[SourceTitle "EXT 2021"]
[Source "ChessBase"]
[SourceDate "2020.10.23"]
[SourceVersion "1"]
[SourceVersionDate "2020.10.23"]
[SourceQuality "1"]

1. Nf3 g6 2. g3 d5 3. Bg2 Bg7 4. 0-0 Nf6 5. d3 0-0 6. c4 c6 7. Nc3 e6 8. cxd5 exd5 9. Bg5 Qb6 10. Qb3 Nbd7 11. Bd2 Re8 12. e3 Qa6 13. d4 Nb6 14. Rfe1 Bg4 15. Ne5 Be6 16. Bf1 Nc4 17. Nxc4 dxc4 18. Qc2 b5 19. Bg2 Qc8 20. Rab1 Bh3 21. Ne2 Bxg2 22. Kxg2 Qg4 23. h3 Qe4+ 24. Qxe4 Nxe4 25. Ba5 Bf8 26. a3 c5 27. d5 Bd6 28. f3 Nf6 29. e4 Nd7 30. Nc3 a6 31. Nd1 Ne5 32. Nf2 f6 33. Ng4 Kg7 34. f4 Nd3 35. Re3 g5 36. fxg5 fxg5 37. Bc3+ Be5 38. Nxe5 Nxe5 39. Rf1 Kg8 40. Rf5 Nf7 41. e5 h6 42. Ref3 Ra7 43. e6 Nd6 44. Be5 Nxf5 45. Rxf5 b4 46. a4 Rf8 47. Rxf8+ Kxf8 48. Kf3 Ke7 49. Kg4 Ra8 50. Kf5 Rf8+ 51. Ke4 Re8 52. Kf5 Rf8+ 53. Kg6 Rf5 54. Kxf5 1-0

[Event "Wloclawek CC Classic 19th"]
[Site "Wloclawek"]
[Date "2017.??.??"]
[Round "5"]
[White "Lebiedzinski, Maciej"]
[Black "Konefal, Leszek"]
[Result "0-1"]
[WhiteElo "1537"]
[BlackElo "1385"]
[PlyCount "30"]
[EventDate "2017.06.??"]
[EventType "swiss"]
[EventRounds "7"]
[EventCountry "POL"]
[SourceTitle "EXT 2021"]
[Source "ChessBase"]
[SourceDate "2020.10.23"]
[SourceVersion "1"]
[SourceVersionDate "2020.10.23"]
[SourceQuality "1"]

1. e4 e5 2. Nf3 d6 3. Bc4 h6 4. 0-0 Nf6 5. Nc3 Be7 6. d4 exd4 7. Nxd4 0-0 8. f4 c6 9. Kh1 b5 10. Bd3 a6 11. a3 c5 12. Nf3 Bb7 13. e5 dxe5 14. fxe5 Nfd7 15. Bf4 Nc6 0-1

[Event "Wloclawek CC Classic 19th"]
[Site "Wloclawek"]
[Date "2017.??.??"]
[Round "3"]
[White "Pawletko, Szymon"]
[Black "Konefal, Leszek"]
[Result "1-0"]
[WhiteElo "1816"]
[BlackElo "1385"]
[PlyCount "57"]
[EventDate "2017.06.??"]
[EventType "swiss"]
[EventRounds "7"]
[EventCountry "POL"]
[SourceTitle "EXT 2021"]
[Source "ChessBase"]
[SourceDate "2020.10.23"]
[SourceVersion "1"]
[SourceVersionDate "2020.10.23"]
[SourceQuality "1"]

1. e4 e5 2. Nf3 d6 3. d4 exd4 4. Qxd4 Nc6 5. Bb5 Bd7 6. Bxc6 Bxc6 7. Nc3 Qe7 8. 0-0 b6 9. Nd5 Qd7 10. c4 f6 11. Qd3 Bb7 12. Bf4 c6 13. Ne3 0-0-0 14. Nf5 g6 15. Ne3 h5 16. Nc2 Nh6 17. a4 Qg4 18. Be3 c5 19. Nd2 f5 20. f3 Qh4 21. a5 fxe4 22. Nxe4 Nf5 23. Bg5 Bxe4 24. fxe4 Qxg5 25. exf5 Bg7 26. axb6 Be5 27. Qd5 Kd7 28. Rxa7+ Ke8 29. Qf7# 1-0

[Event "Wloclawek-ch"]
[Site "Wloclawek"]
[Date "2017.??.??"]
[Round "5"]
[White "Sivickis, Andrejus"]
[Black "Konefal, Leszek"]
[Result "1-0"]
[WhiteElo "1206"]
[BlackElo "1400"]
[PlyCount "52"]
[EventDate "2017.10.??"]
[EventType "swiss"]
[EventRounds "9"]
[EventCountry "POL"]
[SourceTitle "EXT 2021"]
[Source "ChessBase"]
[SourceDate "2020.10.23"]
[SourceVersion "1"]
[SourceVersionDate "2020.10.23"]
[SourceQuality "1"]

1. e4 c5 2. Nf3 e6 3. c3 d6 4. d4 cxd4 5. Nxd4 a6 6. Bc4 Be7 7. 0-0 Nf6 8. Re1 0-0 9. Bg5 Nfd7 10. Bxe7 Qxe7 11. Nd2 b5 12. Bb3 Bb7 13. N2f3 Qf6 14. a4 Nc5 15. axb5 Bxe4 16. Bc2 Bd5 17. b4 Ncd7 18. Be4 Bxe4 19. Rxe4 Nb6 20. bxa6 Nc4 21. Qc1 d5 22. Re2 e5 23. Nc2 e4 24. Nd2 Rxa6 25. Rxa6 Qxa6 26. Ne3 Nxe3 1-0

[Event "Wloclawek-ch"]
[Site "Wloclawek"]
[Date "2016.??.??"]
[Round "1"]
[White "Jeziorny, Janusz"]
[Black "Konefal, Leszek"]
[Result "1-0"]
[WhiteElo "1797"]
[BlackElo "1361"]
[PlyCount "97"]
[EventDate "2016.09.??"]
[EventType "swiss"]
[EventRounds "9"]
[EventCountry "POL"]
[SourceTitle "EXT 2021"]
[Source "ChessBase"]
[SourceDate "2020.10.23"]
[SourceVersion "1"]
[SourceVersionDate "2020.10.23"]
[SourceQuality "1"]

1. e4 c5 2. Nf3 e6 3. d4 cxd4 4. Nxd4 Nc6 5. Nb5 d6 6. c4 a6 7. N5a3 Nf6 8. Nc3 Be7 9. Be3 0-0 10. Be2 Nd7 11. 0-0 Nf6 12. f4 h6 13. Nc2 Nh7 14. Qd2 Qc7 15. f5 exf5 16. exf5 Nf6 17. Nd4 Ne5 18. b3 Neg4 19. Bf4 Ne5 20. Rad1 Rd8 21. Qe3 Nc6 22. Nxc6 bxc6 23. g4 Qb7 24. Bf3 Nh7 25. Kh1 Ng5 26. Bg2 Qd7 27. Rfe1 Ra7 28. h4 Nh7 29. Ne4 Nf6 30. Nxf6+ Bxf6 31. Rxd6 Qc7 32. Rxd8+ Qxd8 33. Qxa7 Bxh4 34. Rf1 Bf6 35. Qc7 Qe8 36. Qxc6 Bd7 37. Qa8 Bc8 38. Qe4 Qd7 39. Re1 Kh7 40. Qd5 Qa7 41. c5 a5 42. Re8 Bd7 43. Ra8 Qxa8 44. Qxa8 g5 45. fxg6+ Kxg6 46. Be4+ Kg7 47. c6 Bxg4 48. c7 Bc3 49. c8Q 1-0

[Event "Wloclawek-ch"]
[Site "Wloclawek"]
[Date "2016.??.??"]
[Round "5"]
[White "Konefal, Leszek"]
[Black "Sivickis, Wiktoria"]
[Result "0-1"]
[WhiteElo "1361"]
[BlackElo "1368"]
[PlyCount "76"]
[EventDate "2016.09.??"]
[EventType "swiss"]
[EventRounds "9"]
[EventCountry "POL"]
[SourceTitle "EXT 2021"]
[Source "ChessBase"]
[SourceDate "2020.10.23"]
[SourceVersion "1"]
[SourceVersionDate "2020.10.23"]
[SourceQuality "1"]

1. e4 c5 2. Nf3 g6 3. Bc4 Nc6 4. Nc3 Bg7 5. a3 d6 6. h3 a6 7. 0-0 Nf6 8. Nd5 Nxe4 9. Re1 Nf6 10. d4 Nxd5 11. Bxd5 Nxd4 12. Nxd4 Bxd4 13. c3 Bg7 14. Bg5 f6 15. Qf3 Rf8 16. Bd2 Qc7 17. Re2 e5 18. Qg3 Bd7 19. Qh4 h5 20. f4 0-0-0 21. b4 Rde8 22. bxc5 Qxc5+ 23. Be3 Qxd5 24. Ba7 Bc6 25. Qf2 exf4 26. Rd2 Qg5 27. Rxd6 f3 28. Rxc6+ bxc6 29. Qxf3 Qd5 30. Qg3 Re5 31. Rb1 Qe4 32. Rd1 Rd8 33. Rf1 Rd3 34. Qh2 Bh6 35. Bd4 Be3+ 36. Bxe3 Qxe3+ 37. Kh1 Qe2 38. Qf4 Rf5 0-1

[Event "Wloclawek CC Classic 15th"]
[Site "Wloclawek"]
[Date "2016.??.??"]
[Round "3"]
[White "Lapinski, Jerzy"]
[Black "Konefal, Leszek"]
[Result "1-0"]
[WhiteElo "1547"]
[BlackElo "1454"]
[PlyCount "81"]
[EventDate "2016.01.??"]
[EventType "swiss"]
[EventRounds "7"]
[EventCountry "POL"]
[SourceTitle "EXT 2021"]
[Source "ChessBase"]
[SourceDate "2020.10.23"]
[SourceVersion "1"]
[SourceVersionDate "2020.10.23"]
[SourceQuality "1"]

1. d4 Nf6 2. Nf3 d6 3. c4 c6 4. Nc3 e6 5. e4 Be7 6. Be2 0-0 7. Bf4 b6 8. 0-0 a5 9. Rc1 Na6 10. a4 Bb7 11. e5 Ne8 12. Qc2 f5 13. Rfe1 d5 14. cxd5 cxd5 15. Nb5 Rc8 16. Qb3 g5 17. Rxc8 Bxc8 18. Bc1 Nec7 19. Nxc7 Qxc7 20. Nxg5 Bxg5 21. Bxg5 Rf7 22. Bf6 Rxf6 23. exf6 Kf7 24. Qe3 Kxf6 25. Bxa6 Bxa6 26. Qxe6+ Kg5 27. Qe3+ f4 28. Qe5+ Qxe5 29. Rxe5+ Kf6 30. Rxd5 Ke6 31. Rh5 Bd3 32. f3 Bg6 33. Rh4 Kf5 34. Kf2 Kg5 35. g3 fxg3+ 36. hxg3 h5 37. Rh1 b5 38. Re1 Bd3 39. d5 Kf5 40. d6 b4 41. d7 1-0

[Event "Wloclawek CC Classic 15th"]
[Site "Wloclawek"]
[Date "2016.??.??"]
[Round "1"]
[White "Rogalski, Krzysztof"]
[Black "Konefal, Leszek"]
[Result "1-0"]
[WhiteElo "1789"]
[BlackElo "1454"]
[PlyCount "71"]
[EventDate "2016.01.??"]
[EventType "swiss"]
[EventRounds "7"]
[EventCountry "POL"]
[SourceTitle "EXT 2021"]
[Source "ChessBase"]
[SourceDate "2020.10.23"]
[SourceVersion "1"]
[SourceVersionDate "2020.10.23"]
[SourceQuality "1"]

1. d4 Nf6 2. c4 e6 3. Nc3 d6 4. e4 c6 5. Nf3 h6 6. Bd3 b6 7. h3 Bb7 8. Qe2 Be7 9. Bf4 Nfd7 10. 0-0 0-0 11. e5 d5 12. cxd5 cxd5 13. Rac1 Nc6 14. a3 Na5 15. Nd2 Nc4 16. Nxc4 dxc4 17. Bxc4 a5 18. Bd3 Nb8 19. Rfd1 Ba6 20. Qe4 Bxd3 21. Qxa8 Bc4 22. Qf3 b5 23. d5 Qb6 24. d6 Bg5 25. Bxg5 hxg5 26. Ne4 Nd7 27. Nxg5 f6 28. exf6 Rxf6 29. Qe3 Qd8 30. b3 Bd5 31. Rxd5 exd5 32. Qd3 g6 33. Qxd5+ Kg7 34. Ne6+ Rxe6 35. Qxe6 Nf8 36. Qe7+ 1-0

[Event "Wloclawek-ch"]
[Site "Wloclawek"]
[Date "2015.??.??"]
[Round "1"]
[White "Cichocki, Konrad"]
[Black "Konefal, Leszek"]
[Result "1-0"]
[WhiteElo "1902"]
[BlackElo "1454"]
[PlyCount "77"]
[EventDate "2015.09.??"]
[EventType "swiss"]
[EventRounds "9"]
[EventCountry "POL"]
[SourceTitle "EXT 2021"]
[Source "ChessBase"]
[SourceDate "2020.10.23"]
[SourceVersion "1"]
[SourceVersionDate "2020.10.23"]
[SourceQuality "1"]

1. e4 c5 2. Nf3 e6 3. d4 cxd4 4. Nxd4 Nf6 5. Nc3 Nc6 6. Be3 a6 7. Bd3 Be7 8. 0-0 0-0 9. Kh1 d6 10. a4 Ne5 11. f4 Nxd3 12. cxd3 e5 13. Nf3 Ng4 14. Bg1 exf4 15. Nd5 Bg5 16. Bb6 Ne3 17. Bxd8 Nxd1 18. Bxg5 Ne3 19. Nxe3 fxe3 20. Bxe3 h6 21. Rac1 Bd7 22. a5 f5 23. Rc7 fxe4 24. dxe4 Bc6 25. Bd4 Rf7 26. Rxf7 Kxf7 27. Re1 Re8 28. e5 Bxf3 29. gxf3 d5 30. e6+ Kg8 31. Kg2 g5 32. Kg3 Kh7 33. e7 Kg6 34. Bb6 h5 35. Re5 Kf6 36. Rxd5 Kxe7 37. Re5+ Kf7 38. Rxe8 Kxe8 39. h4 1-0

[Event "Wloclawek-ch"]
[Site "Wloclawek"]
[Date "2015.??.??"]
[Round "9"]
[White "Kaczynski, Maciej"]
[Black "Konefal, Leszek"]
[Result "0-1"]
[WhiteElo "1573"]
[BlackElo "1454"]
[PlyCount "78"]
[EventDate "2015.09.??"]
[EventType "swiss"]
[EventRounds "9"]
[EventCountry "POL"]
[SourceTitle "EXT 2021"]
[Source "ChessBase"]
[SourceDate "2020.10.23"]
[SourceVersion "1"]
[SourceVersionDate "2020.10.23"]
[SourceQuality "1"]

1. e4 c5 2. c4 Nc6 3. Nc3 e6 4. Nf3 d6 5. d3 Be7 6. g3 Nf6 7. Bg2 0-0 8. 0-0 a6 9. Re1 Bd7 10. e5 Ne8 11. exd6 Nxd6 12. Ne5 Nxe5 13. Rxe5 Qc8 14. f4 Bf6 15. Re1 Bc6 16. Bh3 Nf5 17. Ne4 Bd4+ 18. Kf1 e5 19. Nd6 Ne3+ 20. Rxe3 Qxh3+ 21. Ke1 exf4 22. Re4 fxg3 23. hxg3 Qxg3+ 24. Kd2 Qxd6 25. Rh4 Qf6 26. Rh2 Bxb2 27. Rb1 Bxc1+ 28. Kxc1 Rae8 29. Kc2 Ba4+ 30. Rb3 Qf4 31. Qh5 h6 32. Rg2 Re5 33. Qh1 Rfe8 34. Kb2 Bxb3 35. Kxb3 b5 36. Qg1 bxc4+ 37. dxc4 Rb8+ 38. Kc2 Qxc4+ 39. Kd2 Rd8+ 0-1

[Event "Wloclawek-ch"]
[Site "Wloclawek"]
[Date "2015.??.??"]
[Round "2"]
[White "Konefal, Leszek"]
[Black "Lapinski, Jerzy"]
[Result "0-1"]
[WhiteElo "1454"]
[BlackElo "1547"]
[PlyCount "120"]
[EventDate "2015.09.??"]
[EventType "swiss"]
[EventRounds "9"]
[EventCountry "POL"]
[SourceTitle "EXT 2021"]
[Source "ChessBase"]
[SourceDate "2020.10.23"]
[SourceVersion "1"]
[SourceVersionDate "2020.10.23"]
[SourceQuality "1"]

1. e4 c5 2. Nf3 d6 3. d4 cxd4 4. Nxd4 Nf6 5. Nc3 g6 6. Be3 Bg7 7. Qd2 Ng4 8. Bf4 Nc6 9. Nxc6 bxc6 10. h3 Ne5 11. Bh6 Bf6 12. f4 Nd7 13. 0-0-0 Qa5 14. Bc4 Rb8 15. Bg5 Qb4 16. Bb3 Bg7 17. Nb1 Qxd2+ 18. Rxd2 Nc5 19. Re1 Nxb3+ 20. axb3 f6 21. Bh4 Kf7 22. g4 h5 23. g5 Bxh3 24. gxf6 Bxf6 25. Bxf6 Kxf6 26. Nc3 Kg7 27. e5 d5 28. Na4 Rb5 29. Nc3 Ra5 30. Kb1 Rb8 31. Na4 Bf5 32. Kc1 e6 33. Rh2 Rb4 34. Rh4 Bg4 35. Rf1 Re4 36. Kd2 Re2+ 37. Kd3 Rg2 38. c3 Bf5+ 39. Ke3 Bc2 40. Kf3 Rg4 41. Rxg4 hxg4+ 42. Kxg4 Bxb3 43. Ra1 Rxa4 44. Rf1 a5 45. Rf2 Re4 46. Kg5 Re3 47. Rh2 Rg3+ 48. Kh4 Rg1 49. Rf2 Bd1 50. b4 axb4 51. cxb4 Bg4 52. Ra2 Bf5 53. Ra7+ Kf8 54. Ra8+ Ke7 55. Ra7+ Kd8 56. Rf7 Bd3 57. Ra7 Bf5 58. Ra8+ Kc7 59. Ra5 Rg4+ 60. Kh3 Rxf4+ 0-1

[Event "Wloclawek CC Classic 12th"]
[Site "Wloclawek"]
[Date "2015.??.??"]
[Round "6"]
[White "Olechnicki, Krzysztof"]
[Black "Konefal, Leszek"]
[Result "0-1"]
[WhiteElo "1296"]
[BlackElo "1800"]
[PlyCount "136"]
[EventDate "2015.03.??"]
[EventType "swiss"]
[EventRounds "7"]
[EventCountry "POL"]
[SourceTitle "EXT 2021"]
[Source "ChessBase"]
[SourceDate "2020.10.23"]
[SourceVersion "1"]
[SourceVersionDate "2020.10.23"]
[SourceQuality "1"]

1. d4 Nf6 2. Nc3 g6 3. g3 Bg7 4. Bg2 0-0 5. e4 d6 6. Nge2 c6 7. 0-0 Bd7 8. h3 Qc8 9. Re1 Bxh3 10. Nf4 Bxg2 11. Kxg2 e6 12. Rh1 e5 13. dxe5 dxe5 14. Nh3 Nbd7 15. Be3 b6 16. f3 Rd8 17. Rh2 Nc5 18. Qe2 Ne6 19. Rah1 Nd4 20. Bxd4 Rxd4 21. Nb1 Qd7 22. Rf1 Rd8 23. Rf2 b5 24. c3 Rd1 25. Rf1 Rxf1 26. Qxf1 Qd1 27. Qxd1 Rxd1 28. Rh1 Rd3 29. Nf2 Rd7 30. Rd1 Kf8 31. Rxd7 Nxd7 32. Nd3 Ke7 33. Nd2 Kd6 34. b4 Bh6 35. Nb3 Be3 36. Kf1 f5 37. Ke2 Bb6 38. Nd2 c5 39. Nf1 fxe4 40. fxe4 Nf6 41. Kf3 cxb4 42. cxb4 h5 43. Nh2 g5 44. Ne1 g4+ 45. Kg2 Nxe4 46. Nf1 Kd5 47. Nc2 Kc4 48. Nfe3+ Bxe3 49. Nxe3+ Kxb4 50. Nd5+ Ka3 51. Nc7 b4 52. Nb5+ Kxa2 53. Nxa7 b3 54. Nc6 b2 55. Nb4+ Kb3 56. Nd3 b1Q 57. Nf2 Qc2 58. Kh1 Nxf2+ 59. Kg1 Ne4 60. Kh1 Ng5 61. Kg1 Qa2 62. Kh1 Kc3 63. Kg1 Nf3+ 64. Kf1 Nd4 65. Kg1 Kd3 66. Kh1 Ke3 67. Kg1 Nf3+ 68. Kf1 Qf2# 0-1

[Event "Wloclawek CC Classic 11th"]
[Site "Wloclawek"]
[Date "2014.??.??"]
[Round "5"]
[White "Felski, Krzysztof"]
[Black "Konefal, Leszek"]
[Result "0-1"]
[WhiteElo "1800"]
[BlackElo "1600"]
[PlyCount "90"]
[EventDate "2014.06.??"]
[EventType "swiss"]
[EventRounds "7"]
[EventCountry "POL"]
[SourceTitle "EXT 2021"]
[Source "ChessBase"]
[SourceDate "2020.10.23"]
[SourceVersion "1"]
[SourceVersionDate "2020.10.23"]
[SourceQuality "1"]

1. d4 e6 2. c4 Nf6 3. Nf3 d6 4. g3 Be7 5. Bg2 0-0 6. Nc3 c6 7. Bg5 h6 8. Bd2 Nbd7 9. e4 b6 10. 0-0 Bb7 11. Re1 a5 12. b3 Nh7 13. Qc2 Bf6 14. Rac1 c5 15. Be3 Qc7 16. Nb5 Qb8 17. dxc5 Nxc5 18. Red1 Bxe4 19. Qd2 Be7 20. Nfd4 Bxg2 21. Kxg2 Ne4 22. Qd3 Qb7 23. f3 Nc5 24. Qd2 Nf6 25. Ne2 Ng4 26. Bxc5 bxc5 27. Nxd6 Bxd6 28. h3 Ne5 29. Qe3 Bb8 30. Rf1 Rd8 31. Rcd1 Bc7 32. Nc3 Rxd1 33. Rxd1 Ng6 34. Nb5 Qc6 35. Nxc7 Qxc7 36. Qd3 a4 37. Rb1 axb3 38. Qxb3 Qe5 39. Rb2 Qd4 40. Re2 Ne7 41. Qb7 Qd8 42. Qb5 Ra5 43. Qb3 Nf5 44. Rb2 Nd4 45. Qd3 Qc7 0-1